Tareas pendientes de las universidades en América Latina /

El autor describe de modo esquemático las tareas prioritarias que tiene las Universidades de América Latina ante los nuevos escenarios que afectan sus condiciones internas de operación. Las dimensiones centrales de análisis son las relaciones de las universidades con el conocimiento, la sociedad y l...

Descrizione completa

Salvato in:
Dettagli Bibliografici
Autore principale: Orozco, Luis Enrique
Natura: testo
Soggetti:
Tags: Aggiungi Tag
Nessun Tag, puoi essere il primo ad aggiungerne!!

MARC

LEADER 00000 a a2200000 04500
001 13199
003
040
100 |a Orozco, Luis Enrique  
245 |a Tareas pendientes de las universidades en América Latina /  |c Luis Enrique Orozco 
520 |a El autor describe de modo esquemático las tareas prioritarias que tiene las Universidades de América Latina ante los nuevos escenarios que afectan sus condiciones internas de operación. Las dimensiones centrales de análisis son las relaciones de las universidades con el conocimiento, la sociedad y la formación humana de los estudiantes  
650 |a UNIVERSIDADES  
650 |a SOCIEDAD DE LA INFORMACION  
650 |a CONOCIMIENTO  
650 |a AMERICA LATINA  
773 |g número 15 otoño; páginas 77-92  
999 |c 39538  |d 39538